| 000 | 00488nam a2200157 i 4500 | ||
|---|---|---|---|
| 001 | 35533 | ||
| 003 | ES-MaACL | ||
| 005 | 20230906155140.0 | ||
| 007 | t| | ||
| 008 | 130213s1978 ve ||||1| spa d | ||
| 100 | 1 |
_aBoscán de Lombardi, Lilia. _930633 |
|
| 245 | 1 | 0 |
_aAproximaciones críticas a la narrativa de Ernesto Sábato / _cLilia Boscán de Lombardi. |
| 260 |
_a[Maracaibo] : _bUniversidad de Zulia, _c[1978] |
||
| 300 |
_a142 p. ; _c22 cm. |
||
| 852 |
_aES-MaACL _jA-9735 _bR.98588 |
||
| 999 |
_c35533 _d35533 |
||